Economics & Property

Bibliographic Details
Main Author: Myers, Danny
Format: Book
Language:English
Published: Amsterdam : Elsevier , 2011
Edition:3rd ed.
Subjects:

MARC

LEADER 00000cam a2200000 7i4500
001 0000026693
005 20151221.0
008 041215 xxu eng
020 |a 9780080969947 ,   |c RM300.00 
040 |a INS 
090 0 0 |a HD1390   |b M94 2011 
100 1 |a Myers, Danny 
245 1 0 |a Economics & Property   |c Danny Myers 
250 |a 3rd ed. 
260 |a Amsterdam :   |b Elsevier ,   |c 2011 
300 |a vi,199p :   |b ill ;   |c 24cm. 
500 |a Includes index 
650 0 |a Construction industry   |z Great Britain 
650 0 |a Real estate development   |x Economic aspects 
650 0 |a Real estate development   |z Great Britain 
999 |a 1000002519   |b BOOK   |c Open Shelf   |e Default branch 
999 |a 1000003032   |b BOOK   |c Open Shelf   |e Default branch